000 00744nam a22002177a 4500
001 2666
003 FISKH
005 20250522160513.0
008 240109b cb ||||| |||| 00| 0 eng d
020 _a9781407144030
040 _aFISKH
_beng
_cFISKH
_dFISKH
050 _aPZ7
082 _a818.309
100 _aPoe, Edgar Allan
245 _aThe raven and other tales /
_cEdgar Allan Poe
260 _aLondon :
_bScholastic,
_c2014.
300 _a346 pages :
_c20 cm
520 _aA stunning collection of short stories and poetry containing the very best of the master of the macabre. Edgar Allan Poe's classic horror stories are both thought-provoking and entertaining.
650 _aPoem
_vJuvenile Literature
942 _2ddc
_cBK
_n0
999 _c2666
_d2666